Microeconomía Intermedia y sus aplicaciones (Registro nro. 61169)

Detalles MARC
000 -ENCABEZADO
Número de control [NR] 00957nam a2200277Ia 4500
005 - FECHA Y HORA DE LA ÚLTIMA TRANSACCIÓN
control field 20211105120552.0
008 - DE LONGITUD FIJA DE DATOS DE ELEMENTOS - INFORMACIÓN GENERAL
Elementos de longitud fija [NR] 130821s2005 mx gr spa
020 ## - NUMERO INTERNACIONAL NORMALIZADO PARA LIBROS [R]
Número Internacional Normalizado del libro [NR] 9706864202
040 ## - FUENTE DE CATALOGACION [NR]
Agencia de catalogación original [NR] CO-BoUCM
Idioma de catalogación [NR] spa
Quien Cataloga Jose A. Gerena (modificó)
Quien Clasifica [Nuevo]
041 00 - CODIGO DE IDIOMA [R]
Código de idioma para texto/pista de sonido o título separado [R] Español
100 1# - ASIENTO PRINCIPAL--NOMBRE PERSONAL [NR]
Nombre personal [NR] Nicholson, Walter E.
ID Autoridad 41733
245 10 - MENCION DE TITULO [NR]
Título [NR] Microeconomía Intermedia y sus aplicaciones
Mención de responsabilidad, etc. [NR] Walter E. Nicholson
250 ## - MENCION DE EDICION [NR]
Mención de edición [NR] 9a ed
260 ## - PUBLICACION, DISTRIBUCION, ETC. (PIE DE IMPRENTA) [R]
Lugar de publicación, distribución, etc. [R] México D.F. (México)
Nombre del editor, distribuidor, etc. [R] Thomson
Fecha de publicación, distribución, etc. [R] 2005
300 ## - DESCRIPCION FISICA [R]
Extensión [R] xxviii, 615 páginas
650 07 - ASIENTO SECUNDARIO DE MATERIA - TERMINO TEMATICO [R]
Término temático o nombre geográfico como elemento de entrada [NR] Demanda (Teoría económica)
9 (RLIN) 12607
650 07 - ASIENTO SECUNDARIO DE MATERIA - TERMINO TEMATICO [R]
Término temático o nombre geográfico como elemento de entrada [NR] Economía de mercado
9 (RLIN) 13678
650 07 - ASIENTO SECUNDARIO DE MATERIA - TERMINO TEMATICO [R]
Término temático o nombre geográfico como elemento de entrada [NR] Equilibrio (Economía)
9 (RLIN) 14689
650 07 - ASIENTO SECUNDARIO DE MATERIA - TERMINO TEMATICO [R]
Término temático o nombre geográfico como elemento de entrada [NR] Microeconomía
9 (RLIN) 19488
650 07 - ASIENTO SECUNDARIO DE MATERIA - TERMINO TEMATICO [R]
Término temático o nombre geográfico como elemento de entrada [NR] Oferta y demanda
9 (RLIN) 20709
650 07 - ASIENTO SECUNDARIO DE MATERIA - TERMINO TEMATICO [R]
Término temático o nombre geográfico como elemento de entrada [NR] Teoría de los juegos
9 (RLIN) 25291
690 ## - ASUNTO AGREGADO LOCAL DE ENTRADA - TÉRMINO TEMÁTICO (OCLC, RLIN)
Acceso temático local Microeconomía
9 (RLIN) 19488
765 ## - ASIENTO DE IDIOMA ORIGINAL [R]
Asiento principal [NR] Intermediate microeconomics and its application.
942 ## - ELEMENTOS DE ENTRADA AGREGADOS (KOHA)
Tipo de ítem principal el descrito en 300a Libro
Tema principal Economía
Edición 9
Parte restante de la signatura top. N624mtho
Sistema de clasificación DEWEY
Clasificación 338.5
Existencias
Fecha de último préstamo Total préstamos Total Renewals Signatura topográfica Código de barras Prestado Última vez visto Volúmen / Fascículo Ejemplar Price effective from Tipo de ítem Perdido Dañado No prestable Tipo de ítem específico Suprimido Ubicación habitual Ubicación actual Localización Fecha de creación Forma de adquisición Costo Sistema de clasificación
24/06/2026 66 2 338.5 N624mtho 100113496 24/07/2026 24/06/2026 9a.Ed. Ej.3 03/02/2013 Libro       Libro   Claustro Claustro Mezanine 28/02/2013 Compra 26000.00  
25/07/2022 2   338.5 N624mtho 100098976   03/12/2025 9a.Ed. Ej.1 03/02/2013 Libro de reserva       Libro de reserva   Claustro Claustro Mezanine 30/09/2009 Compra 93000.00 DEWEY
24/06/2026 59 39 338.5 N624mtho 100098977 24/07/2026 24/06/2026 9a.Ed. Ej.2 03/02/2013 Libro       Libro   Claustro Claustro Mezanine 30/09/2009 Compra 93000.00 DEWEY